Del clavo a la clave. La teología fundamental del papa Francisco.

Guardat en:
Dades bibliogràfiques
Altres autors: Tenace, Michelina (Editor)
Format: Llibre
Idioma:espanyol
Publicat: Madrid, España: Biblioteca de Autores Cristianos, 2018.
Col·lecció:BAC Popular,
Matèries:
Etiquetes: Afegir etiqueta
Sense etiquetes, Sigues el primer a etiquetar aquest registre!

MARC

LEADER 00000cam a2200000 a 4500
001 UCC5362
003 CL-VaPUC
005 20240531095437.0
008 181005e20180000sp |||||||||||||||||spa|d
999 |c 372615  |d 372613 
020 |a 978-84-220-2037-0 
040 |c Pontificia Universidad Católica de Valparaíso 
082 0 4 |a 239.7 TEN 2018  |2 21 
100 |a Tenace, Michelina  |e editor  |9 599699 
245 1 0 |a Del clavo a la clave.   |b La teología fundamental del papa Francisco. 
260 |a Madrid, España:   |b Biblioteca de Autores Cristianos,   |c 2018. 
300 |a 117 páginas.  
490 0 |a BAC Popular,   |n  235. 
500 |a c.2 Donación Sr. Jorge Precht Pizarro. 26-05-23. Biblioteca Teología. 
583 |a last modification  |c 20181005 11:02:00  |k Rodrigo Vera 
600 0 |9 881404  |a Francisco, Papa  |x Teología   |x Cristianismo  
650 0 |a Teología fundamental   |2 CL-VaPUC  |9 313207  |x Análisis e interpretación   |x Iglesia Católica  
650 0 |a Apologética  |x Defensa de la fe   |x Teología católica   |9 269349 
942 |c BK  |2 ddc 
945 |d 20181005 11:02:00  |a dcastane 
952 |0 0  |1 0  |3 erb  |4 0  |6 239_700000000000000_TEN_2018  |7 0  |8 A  |9 490306  |a BIBTEO  |b BIBTEO  |i 5504872  |o 239.7 TEN 2018  |p 5504872  |r 2025-01-17  |w 2019-11-24  |y BK  |z Catalogado en:20181005  |k ICR 
952 |0 0  |1 0  |2 ddc  |4 0  |6 239_700000000000000_TEN_2018  |7 0  |8 A  |9 591623  |a BIBTEO  |b BIBTEO  |d 2023-09-20  |e Donación   |i 5658670  |o 239.7 TEN 2018  |p 5658670  |r 2025-01-17  |t 2  |w 2023-09-20  |y BK  |k ICR